| 000 | 00000nam##2200000za#4500 |
| 001 | 9.571599 |
| 003 | CaOODSP |
| 005 | 20211126112844 |
| 007 | cr ||||||||||| |
| 008 | 150406|2002||||xxc|||||o f|0| 0 eng|d |
| 022 | |a1701-9397 |
| 040 | |aCaOODSP|beng |
| 043 | |an-cn--- |
| 086 | 1 |aFB3-2/102-19E-PDF |
| 110 | 2 |aBank of Canada. |
| 245 | 10|aEstimates of the sticky-information Phillips curve for the United States, Canada, and the United Kingdom / |h[electronic resource]|cby Hashmat Khan and Zhenhua Zhu. |
| 260 | |aOttawa - Ontario : |bBank of Canada |cJuly 2002. |
| 300 | |a40p.|breferences, tables |
| 490 | 1 |aBank of Canada working paper|x1701-9397|v2002-19 |
| 500 | |a"In this paper, we present a methodology for the empirical implementation of the SIPC for closed and open economies."--Abstract. |
| 500 | |aThe ISSN (1192-5434) for the print edition has been incorrectly copied in this electronic publication. |
| 546 | |aRésumé en français. |
| 590 | |a11-19-Supp|b2011-09-23 |
| 690 | 07|aEconomic forecasting|2gcpds |
| 690 | 07|aInflation|2gcpds |
| 690 | 07|aModels|2gcpds |
| 720 | 1 |aKhan, Hashmat |
| 720 | 1 |aZhu, Zhenhua |
| 776 | 0#|tEstimates of the sticky-information Phillips curve for the United States, Canada, and the United Kingdom / |w(CaOODSP)9.616029 |
| 830 | #0|aWorking paper (Bank of Canada)|x1701-9397|v2002-19|w(CaOODSP)9.504604 |
| 856 | 40|ahttp://publications.gc.ca|qPDF|s340 KB|uhttps://publications.gc.ca/collections/Collection/FB3-2-102-19E.pdf|y2002-19 |